[Event "Druzynowe Mistrzostwa Polski Juniorow - I Liga Juniorow 2019"]
[Site "Ustron"]
[Date "1899-12-30"]
[Round "6.27"]
[White "Wasik, Mateusz"]
[Black "Wielgus, Wojciech"]
[Result "1-0"]
[WhiteTitle "I"]
[BlackTitle "I"]
[WhiteElo "1847"]
[BlackElo "1821"]

1. e4 d6 2. d4 Nf6 3. Nc3 e5 4. Nf3 Nbd7 5. Bc4 Be7 6. O-O O-O 7. h3 c6 8. Be3
b5 9. Bd3 a6 10. Ne2 c5 11. c3 Bb7 12. d5 c4 13. Bc2 Qb8 14. Ng3 g6 15. Qd2 Ne8
16. Nh2 Bc8 17. Ng4 Ng7 18. f4 Bh4 19. Ne2 Bd8 20. fxe5 Nxe5 21. Nh6+ Kh8 22.
Bd4 f6 23. Rf2 Qb7 24. Raf1 Qe7 25. Kh1 Rb8 26. Ng1 Rb7 27. Nf3 Bb6 28. Ng5 Bd8
29. Qe3 a5 30. Nf3 a4 31. a3 Nh5 32. Nh2 Ng7 33. N2g4 Bxg4 34. Nxg4 Nh5 35. Nxe5
dxe5 36. Bc5 Qf7 37. Bxf8 Qxf8 38. Rf3 Bb6 39. Qd2 Qd6 40. Qh6 Rf7 41. g3 Kg8
42. Kg2 Qc5 43. Re1 Qd6 44. Rff1 Qc5 45. Bd1 Ng7 46. h4 Qd6 47. Bg4 Ba7 48. Rd1
Bb6 49. Rde1 Ba7 50. Rc1 Bb6 51. Rcd1 Bc7 52. Rde1 Bb6 53. Rf3 Bc7 54. Ref1 Bd8
55. Kh2 Be7 56. Qd2 Bd8 57. R3f2 Bb6 58. Rf3 Bd8 59. Qe2 Bb6 60. Qd1 Bc7 61. Be6
Nxe6 62. Rxf6 Rxf6 63. Rxf6 Bb6 64. Rxe6 Qc5 65. Qf1 Kg7 66. Qf6+ Kh6 67. Rxb6
Qe3 68. Qg5+ Qxg5 69. hxg5+ Kxg5 70. d6 Kh5 71. d7 h6 72. d8=Q g5 73. Qf6 Kg4
74. Qf5+ Kh5 75. Qh3# 1-0

[Event "Druzynowe Mistrzostwa Polski Juniorow - I Liga Juniorow 2019"]
[Site "Ustron"]
[Date "1899-12-30"]
[Round "6.28"]
[White "Warchol, Kamil"]
[Black "Jozefczyk, Szymon"]
[Result "1-0"]
[WhiteTitle "CM"]
[BlackTitle "II"]
[WhiteElo "1639"]
[BlackElo "1714"]

1. e4 c6 2. d4 d5 3. e5 c5 4. dxc5 Nc6 5. a3 e6 6. Nf3 Bxc5 7. b4 Bb6 8. Bb2 Bd7
9. c4 dxc4 10. Bxc4 Nge7 11. O-O Nf5 12. Nbd2 Nce7 13. a4 a6 14. Qb3 O-O 15. Rfd1
Ng6 16. Ne4 Qe7 17. b5 Rfb8 18. Ba3 Qe8 19. Nd6 Nxd6 20. Bxd6 Rc8 21. bxa6 bxa6
22. Bf1 Bc7 23. Bxc7 Rxc7 24. Qb6 Qc8 25. a5 Ne7 26. Ng5 Nd5 27. Qd4 Rb8 28. Rab1
Rxb1 29. Rxb1 h6 30. Ne4 Rc1 31. Nd6 Qc6 32. Rxc1 Qxc1 33. Qc4 Qxc4 34. Bxc4 Nc7
35. Kf1 Kf8 36. Ke2 Ke7 37. Ke3 f6 38. exf6+ gxf6 39. Ne4 Bc8 40. Kd4 f5 41. Nc5
Kd6 42. f4 h5 43. g3 Kc6 44. Nb3 Nb5+ 45. Ke5 Nc7 46. Be2 Nd5 47. Nd4+ Kc5 48.
Nxe6+ Bxe6 49. Kxe6 h4 50. Kxf5 hxg3 51. hxg3 Kb4 52. Ke5 Ne7 53. Bxa6 Kxa5 54.
Bd3 Kb6 55. Be4 Kc7 56. f5 Kd7 57. f6 Nc8 58. Bf5+ 1-0

[Event "Druzynowe Mistrzostwa Polski Juniorow - I Liga Juniorow 2019"]
[Site "Ustron"]
[Date "1899-12-30"]
[Round "6.29"]
[White "Pawlak, Emilia"]
[Black "Hryn, Aleksandra"]
[Result "0-1"]
[WhiteTitle "I"]
[BlackTitle "I+"]
[WhiteElo "1636"]
[BlackElo "1611"]

1. e4 c5 2. Nf3 e6 3. d3 Nc6 4. g3 d5 5. Nbd2 Nf6 6. Bg2 Be7 7. O-O O-O 8. e5 Nd7
9. Re1 Qc7 10. Qe2 b5 11. Nf1 a5 12. h4 Re8 13. Bf4 b4 14. N1h2 Ba6 15. h5 c4
16. b3 cxd3 17. cxd3 Nc5 18. Rad1 Ne4 19. Rc1 Nc3 20. Qd2 Rac8 21. Ng4 Qd8 22.
Nfh2 Nd4 23. Bh3 Nce2+ 24. Kg2 Nxc1 25. Bh6 Rc2 26. Qf4 Nxd3 27. Qxd4 Nxe1+ 28.
Kh1 Bd3 29. Bxg7 Kxg7 30. h6+ Kh8 31. Ne3 Be4+ 32. f3 Rxh2+ 33. Kxh2 Nxf3+ 0-1

[Event "Druzynowe Mistrzostwa Polski Juniorow - I Liga Juniorow 2019"]
[Site "Ustron"]
[Date "1899-12-30"]
[Round "6.30"]
[White "Kieca, Aleksandra"]
[Black "Szopa, Emilia"]
[Result "1/2-1/2"]
[WhiteTitle "I"]
[BlackTitle "I+"]
[WhiteElo "1516"]
[BlackElo "1415"]

1. e4 c5 2. b3 Nc6 3. Bb2 e6 4. Nf3 Nf6 5. Nc3 d6 6. Be2 g6 7. d4 cxd4 8. Nxd4
Bg7 9. Bf3 O-O 10. O-O a6 11. g3 Qc7 12. Bg2 Nxd4 13. Qxd4 Rd8 14. Qd2 Ng4 15.
a4 Bd7 16. h3 Nf6 17. Rad1 Ne8 18. Kh1 Rac8 19. Nd5 exd5 20. Bxg7 Nxg7 21. Qxd5
Be6 22. Qg5 Qxc2 23. Rb1 Qc5 24. Qd2 Qh5 25. Kh2 d5 26. exd5 Bxd5 27. Rfd1 Bxg2
28. Qxd8+ Rxd8 29. Rxd8+ Ne8 30. Rxe8+ Kg7 31. Kxg2 Qd5+ 32. Kh2 Qd3 33. Ree1
Qf3 34. Rb2 Qc3 35. Reb1 h5 36. h4 b6 37. b4 a5 38. bxa5 bxa5 39. Re2 Qc4 40.
Rbe1 Qxa4 41. Rd2 Qb4 42. Ree2 a4 43. Ra2 Kh6 44. Re3 Qc4 45. Rea3 Kg7 46. Rxa4
Qc5 47. Ra7 Qd4 48. R7a3 Qc4 49. Rd2 Qc5 50. Rf3 Qc6 51. Rdd3 Qb5 52. Rd4 Qc6
53. Rdf4 f5 54. Rb3 Qc5 55. Rb2 Kh7 56. Rfb4 Kh6 57. Rb6 Qd4 58. Rb8 Kg7 59. R8b4
Qc5 60. Rb8 Qd4 61. R8b7+ Kh6 62. R7b4 Qc5 63. Ra4 Kg7 64. Rab4 1/2-1/2

[Event "Druzynowe Mistrzostwa Polski Juniorow - I Liga Juniorow 2019"]
[Site "Ustron"]
[Date "1899-12-30"]
[Round "7.1"]
[White "Fiedorek, Michal"]
[Black "Fus, Jakub"]
[Result "1-0"]
[WhiteTitle "k"]
[BlackTitle "FM"]
[WhiteElo "2158"]
[BlackElo "2341"]

1. e4 e6 2. d4 d5 3. Nd2 Be7 4. Ngf3 Nf6 5. e5 Nfd7 6. Bd3 c5 7. c3 Nc6 8. Bb1
Qb6 9. Nb3 cxd4 10. cxd4 a5 11. Qd3 Nb4 12. Qe2 a4 13. Nbd2 Qc7 14. Qd1 Nb6 15.
O-O Bd7 16. a3 Nc6 17. Qe2 Na5 18. Rd1 g5 19. Bd3 O-O-O 20. Nf1 g4 21. Ne1 h5
22. Be3 Nbc4 23. Rac1 Kb8 24. Nd2 b5 25. Rc3 Qa7 26. b3 axb3 27. Nxb3 Nxb3 28.
Rxb3 Kc7 29. Nc2 Rhg8 30. Rdb1 Rb8 31. Bd2 Bc6 32. Bb4 Bxb4 33. Rxb4 Kd7 34. Qe1
Qc7 35. Qc1 Rh8 36. Qf4 f5 37. Ne3 Rbf8 38. Rc1 Qa5 39. Nc2 h4 40. Rcb1 Qa8 41.
R4b3 h3 42. g3 Rf7 43. Nb4 Bb7 44. Be2 Ke8 45. Nd3 Bc6 46. Nc5 Qa5 47. a4 Nd2
48. Bxb5 Nxb3 49. Bxc6+ Kd8 50. Nxb3 Qc3 51. Nc5 Kc8 52. Rc1 Qa3 53. Nxe6 Kb8
54. Qe3 Qxe3 55. fxe3 Rc8 56. Rc5 Ka7 57. Bxd5 Rxc5 58. Nxc5 Re7 59. Be6 Kb6 60.
Bxf5 1-0

[Event "Druzynowe Mistrzostwa Polski Juniorow - I Liga Juniorow 2019"]
[Site "Ustron"]
[Date "1899-12-30"]
[Round "7.2"]
[White "Baum, Jonasz"]
[Black "Hryn, Zofia"]
[Result "1-0"]
[WhiteTitle "FM"]
[BlackTitle "I++"]
[WhiteElo "2295"]
[BlackElo "1622"]

1. d4 Nf6 2. c4 e6 3. g3 c5 4. d5 b5 5. Bg2 Bb7 6. e4 bxc4 7. Ne2 g6 8. O-O Bg7
9. Na3 exd5 10. exd5 O-O 11. Nxc4 Ba6 12. Qc2 Re8 13. Re1 d6 14. b3 Bb7 15. Bb2
Na6 16. Nc3 Nc7 17. Qd2 a6 18. Na5 Rb8 19. Rxe8+ Qxe8 20. Nc6 Bxc6 21. dxc6 d5
22. Rc1 Qxc6 23. Na4 c4 24. Rxc4 Qd7 25. Rc1 Ne6 26. Nc5 Qa7 27. Nxe6 fxe6 28.
Be5 Rb7 29. Rc8+ Kf7 30. Bd4 Rb6 31. Qf4 1-0

[Event "Druzynowe Mistrzostwa Polski Juniorow - I Liga Juniorow 2019"]
[Site "Ustron"]
[Date "1899-12-30"]
[Round "7.3"]
[White "Wielgus, Wojciech"]
[Black "Pancewicz, Szymon"]
[Result "1-0"]
[WhiteTitle "I"]
[BlackTitle "I+"]
[WhiteElo "1821"]
[BlackElo "1724"]

1. e4 c5 2. Nf3 Nc6 3. Bb5 e6 4. Bxc6 bxc6 5. d3 d6 6. Be3 e5 7. Nbd2 Nf6 8. h3
Be7 9. c3 O-O 10. Qa4 Qc7 11. O-O Rb8 12. Nc4 Be6 13. Nfd2 Nd7 14. f4 f6 15. a3
Nb6 16. Nxb6 axb6 17. b4 cxb4 18. axb4 Qb7 19. Qa7 b5 20. Ra6 Bc8 21. Rfa1 Qxa7
22. Rxa7 Bb7 23. Nb3 Bd8 24. f5 Kf7 25. Kf2 Re8 26. g4 Ke7 27. h4 Kd7 28. Kf3
Kc8 29. h5 h6 30. Ke2 Re7 31. Kd2 Kc7 32. Na5 Kc8 33. Nb3 Kc7 34. Kc2 Kc8 35.
R1a3 Kc7 36. Kb2 Kc8 37. Bg1 Kc7 38. Bf2 Kc8 39. Ra2 Kc7 40. Na5 Kc8 41. Nb3 Kc7
42. Bg1 Kc8 43. Ra1 Kc7 44. c4 bxc4 45. dxc4 Kc8 46. Kc3 Rd7 47. Bf2 Bc7 48. R1a2
Bd8 49. Ra1 Bc7 50. Nd2 Bd8 51. R1a2 Bc7 52. b5 c5 53. Kd3 Bb6 54. R7a3 Kc7 55.
Nb3 Rdd8 56. Be1 Ra8 57. Rxa8 Bxa8 58. Ba5 Bb7 59. Bxb6+ Kxb6 60. Nd2 Rd7 61.
Nf3 Rd8 62. Nh4 Rd7 63. Ng6 Rf7 64. Ke3 Kc7 65. Nh4 Kb6 66. Nf3 Rf8 67. Nd2 Re8
68. Nb1 Ra8 69. Rxa8 Bxa8 70. Nd2 Ka5 71. Nf3 Kb4 72. Kd3 Bb7 73. Nh4 Ka5 74.
Ng6 Kb6 75. Nf8 Kc7 76. Ne6+ Kd7 77. Nxg7 Ke7 78. Ne6 Ba8 79. Nc7 Bb7 80. Nd5+
Kf7 81. Kc3 Ba8 82. Kb3 Bb7 83. Nc3 Ke7 84. Ka4 Kd7 85. Ka5 Kc7 86. Nd5+ Bxd5
87. cxd5 Kb7 88. g5 1-0

[Event "Druzynowe Mistrzostwa Polski Juniorow - I Liga Juniorow 2019"]
[Site "Ustron"]
[Date "1899-12-30"]
[Round "7.4"]
[White "Sidorczuk, Pawel"]
[Black "Warchol, Kamil"]
[Result "1-0"]
[WhiteTitle "II+"]
[BlackTitle "CM"]
[WhiteElo "1610"]
[BlackElo "1639"]

1. e4 e5 2. Nf3 Nc6 3. Bc4 Nf6 4. d3 Bc5 5. c3 d6 6. O-O a6 7. Bb3 O-O 8. Re1 Ba7
9. h3 Be6 10. Nbd2 Qd7 11. Nf1 h6 12. Bc2 Rfe8 13. Be3 d5 14. Bxa7 Rxa7 15. exd5
Bxd5 16. Ne3 Be6 17. Nc4 e4 18. Nfe5 Nxe5 19. Nxe5 Qd5 20. d4 c5 21. Bb3 Qd6 22.
Bxe6 Qxe6 23. f3 cxd4 24. cxd4 Qd5 25. fxe4 Nxe4 26. Rc1 b6 27. Nc6 Rc7 28. Nb4
Rxc1 29. Nxd5 Rxd1 30. Rxd1 Rb8 31. Re1 Ng5 32. Nc7 a5 33. d5 Kf8 34. d6 Rd8 35.
d7 Ne6 36. Nxe6+ fxe6 37. Rxe6 Rxd7 38. Rxb6 Ke7 39. Rb5 Ra7 40. a4 Kd6 41. Kf2
Ke6 42. Ke3 Ra6 43. b3 g6 44. h4 Rc6 45. Kd4 Ra6 46. Ke4 Kd6 47. g3 Ke6 48. Kd4
Rd6+ 49. Kc4 Rc6+ 50. Kd4 Rd6+ 51. Kc4 Rc6+ 52. Rc5 Ra6 53. g4 Kf6 54. Kb5 Ra8
55. Rc6+ Ke5 56. Rxg6 Kf4 57. h5 Ra7 58. Rxh6 Kxg4 59. Ra6 Rb7+ 60. Rb6 Ra7 61.
h6 Kf5 62. h7 Rxh7 63. Kxa5 Ke5 64. b4 Kd5 65. b5 Rh4 66. Rb8 Kd6 67. b6 Kc6 68.
Rc8+ Kb7 69. Rc7+ Kb8 70. Kb5 Rh5+ 71. Rc5 Rh1 72. a5 Rb1+ 73. Ka6 Rb2 74. Rg5
Kc8 75. Rg8+ Kd7 76. b7 Kc7 77. Rc8+ 1-0

[Event "Druzynowe Mistrzostwa Polski Juniorow - I Liga Juniorow 2019"]
[Site "Ustron"]
[Date "1899-12-30"]
[Round "7.5"]
[White "Hryn, Aleksandra"]
[Black "Tarka, Aleksandra"]
[Result "1-0"]
[WhiteTitle "I+"]
[BlackTitle "I++"]
[WhiteElo "1611"]
[BlackElo "1574"]

1. e4 c5 2. b3 Nc6 3. Bb2 e6 4. Nc3 Nge7 5. Nf3 d5 6. exd5 Nxd5 7. Bb5 Qd6 8. Nxd5
Qxd5 9. Qe2 a6 10. Bxc6+ Qxc6 11. O-O f6 12. d4 Bd6 13. c4 O-O 14. Rfe1 Qc7 15.
Rad1 cxd4 16. Bxd4 Bb4 17. Rf1 e5 18. Bb2 Bg4 19. Qe4 Bxf3 20. Qxf3 Rad8 21. a3
Be7 22. h3 Rxd1 23. Rxd1 Rd8 24. Rxd8+ Bxd8 25. Qd5+ Kf8 26. Kf1 Be7 27. Ke2 Qc6
28. Qxc6 bxc6 29. b4 Kf7 30. Kd3 Ke6 31. Bc3 Bf8 32. Bd2 g5 33. g4 Be7 34. Ke4
Bd8 35. Be3 Bc7 36. a4 Bd8 37. b5 cxb5 38. cxb5 axb5 39. axb5 Kd6 40. b6 Kc6 41.
Kf5 Kb7 42. Ke6 Kc6 43. Kf7 f5 44. gxf5 h5 45. f3 e4 46. fxe4 g4 47. hxg4 hxg4
48. Bf4 Bxb6 49. e5 Kd5 50. e6 Bc5 51. f6 Ke4 52. e7 Bxe7 53. fxe7 Kxf4 54. e8=Q
g3 55. Qe2 1-0

[Event "Druzynowe Mistrzostwa Polski Juniorow - I Liga Juniorow 2019"]
[Site "Ustron"]
[Date "1899-12-30"]
[Round "7.6"]
[White "Rejniak, Zuzanna"]
[Black "Kieca, Aleksandra"]
[Result "1-0"]
[WhiteTitle "k"]
[BlackTitle "I"]
[WhiteElo "1808"]
[BlackElo "1516"]

1. e4 c5 2. Ne2 e6 3. d4 cxd4 4. Nxd4 a6 5. Bd3 Nc6 6. Nxc6 dxc6 7. O-O e5 8. Nd2
Bc5 9. Nc4 Qe7 10. Qh5 b5 11. Ne3 Nf6 12. Qg5 O-O 13. Nf5 Bxf5 14. Qxf5 h6 15.
Kh1 Bd6 16. a4 Rfd8 17. Be3 Qd7 18. Qf3 Qe7 19. g4 Nh7 20. Qg3 Bc5 21. f4 Bxe3
22. Qxe3 exf4 23. Qxf4 Rac8 24. axb5 axb5 25. e5 Ng5 26. Rae1 Rc7 27. Qf5 Qc5
28. h4 Qd5+ 29. Kh2 Ne6 30. Rd1 Qc5 31. g5 hxg5 32. hxg5 Nf8 33. Bc4 Rdd7 34.
Rxd7 Rxd7 35. Bxf7+ Kh8 36. Qh3+ Nh7 37. Qxd7 Qxe5+ 38. Kh3 Nxg5+ 39. Kg4 Nxf7
40. Qxf7 Qe2+ 41. Qf3 Qe6+ 42. Kg3 Qg6+ 43. Kh2 Kg8 44. Qb3+ Kh7 45. Qd3 1-0

[Event "Druzynowe Mistrzostwa Polski Juniorow - I Liga Juniorow 2019"]
[Site "Ustron"]
[Date "1899-12-30"]
[Round "7.7"]
[White "Krych, Dominik"]
[Black "Warchol, Bartosz"]
[Result "0-1"]
[WhiteTitle "III"]
[BlackTitle "I++"]
[WhiteElo "1472"]
[BlackElo "1992"]

1. d4 d5 2. Bf4 Nf6 3. e3 c5 4. c3 Nc6 5. Bd3 e6 6. Nd2 Bd6 7. Bg3 O-O 8. Ngf3
Re8 9. Ne5 Qc7 10. f4 Ne7 11. O-O Nf5 12. Bf2 Be7 13. Qf3 b6 14. g4 Nd6 15. Bh4
Bb7 16. Bxf6 Bxf6 17. Qh3 Ne4 18. Ndf3 Bxe5 19. Nxe5 f6 20. Nf3 Qe7 21. Rae1 a5
22. Rf2 Ba6 23. Bc2 b5 24. g5 f5 25. Bxe4 dxe4 26. Ne5 Rec8 27. Rd2 Bb7 28. dxc5
Qxc5 29. Rd7 Rc7 30. Red1 Bd5 31. Rd4 Rxd7 32. Nxd7 Qc7 33. Ne5 Rd8 34. g6 h6
35. a3 Bb3 36. Nc6 Rd5 37. Rxd5 Bxd5 38. Nd4 b4 39. Qf1 bxa3 40. Qb5 Kf8 41. bxa3
Ke7 42. Nxf5+ Kf6 43. Qe8 exf5 0-1

[Event "Druzynowe Mistrzostwa Polski Juniorow - I Liga Juniorow 2019"]
[Site "Ustron"]
[Date "1899-12-30"]
[Round "7.8"]
[White "Dylag, Emilia"]
[Black "Leskiewicz, Ignacy"]
[Result "0-1"]
[WhiteTitle "k+"]
[BlackTitle "k"]
[WhiteElo "2099"]
[BlackElo "2120"]

1. d4 Nf6 2. c4 g6 3. Nc3 Bg7 4. e4 d6 5. f4 O-O 6. Nf3 c5 7. d5 b5 8. cxb5 a6
9. bxa6 Qa5 10. Qd2 Bxa6 11. Bxa6 Qxa6 12. Qe2 Qxe2+ 13. Kxe2 Na6 14. Rd1 Nd7
15. Bd2 Nb6 16. b3 c4 17. Rab1 Bxc3 18. Bxc3 Nc5 19. Bd4 Rxa2+ 20. Rd2 Rfa8 21.
Bxc5 dxc5 22. bxc4 Nxc4 23. Rxa2 Rxa2+ 24. Kd3 Nd6 25. e5 Ra3+ 26. Kc2 Nf5 27.
Rb8+ Kg7 28. Rd8 Ne3+ 29. Kb2 Rd3 30. d6 exd6 31. exd6 Rxd6 32. Rxd6 Nc4+ 33.
Kc3 Nxd6 34. Ne5 Kf6 35. Nd7+ Kf5 36. g3 Kg4 37. Nxc5 Kh3 38. Kd4 Kxh2 39. g4
Kg3 40. Ke5 Kxg4 41. Kxd6 Kxf4 42. Ke7 h5 43. Kf6 h4 44. Nd3+ Kg3 45. Kxf7 h3
0-1

[Event "Druzynowe Mistrzostwa Polski Juniorow - I Liga Juniorow 2019"]
[Site "Ustron"]
[Date "1899-12-30"]
[Round "7.9"]
[White "Klimkowski, Jan"]
[Black "Wasik, Mateusz"]
[Result "1-0"]
[WhiteTitle "I"]
[BlackTitle "I"]
[WhiteElo "1932"]
[BlackElo "1847"]

1. e4 c5 2. Nf3 Nc6 3. d4 cxd4 4. Nxd4 Qb6 5. Nb3 Nf6 6. Nc3 e6 7. Bd3 a6 8. O-O
Be7 9. Kh1 O-O 10. f4 d6 11. Qf3 Re8 12. a4 Na5 13. Be3 Qc7 14. e5 Nd7 15. exd6
Bxd6 16. Nxa5 Qxa5 17. Ne4 Be7 18. Ng5 Nf6 19. Bd4 h6 20. Ne4 Qd8 21. Be5 Nd5
22. Qg3 Nf6 23. Rad1 Bd7 24. Bc4 Kh7 25. Nxf6+ gxf6 26. Bd3+ Kh8 27. Qh4 Kg7 28.
Rf3 fxe5 29. Rg3+ Bg5 30. fxg5 h5 31. Qe4 Rh8 32. Qxe5+ Kg8 33. Rf3 Bc6 34. Bh7+
Rxh7 35. Rxd8+ Rxd8 36. Rd3 Rxd3 37. cxd3 h4 38. Kg1 h3 39. g3 Rg7 40. Kf2 Kh7
41. g4 Rg8 42. Qf6 Rg7 43. Kg3 Bg2 44. d4 Kg8 45. a5 Rg6 46. Qe7 Kg7 47. Qd8 Bf1
48. Kh4 Bg2 49. Qb8 f6 50. Qc7+ Kf8 51. gxf6 Rxf6 52. g5 Rg6 53. Kh5 Be4 54. Qf4+
Bf5 55. Qb8+ Ke7 56. Qxb7+ Kf8 57. Qxa6 Rg8 58. Qc8+ Kf7 59. Qd7+ Kf8 60. Qd8+
Kf7 61. Qf6+ Ke8 62. a6 Rf8 63. a7 1-0

[Event "Druzynowe Mistrzostwa Polski Juniorow - I Liga Juniorow 2019"]
[Site "Ustron"]
[Date "1899-12-30"]
[Round "7.10"]
[White "Jozefczyk, Szymon"]
[Black "Paprocki, Antoni"]
[Result "1/2-1/2"]
[WhiteTitle "II"]
[BlackTitle "I"]
[WhiteElo "1714"]
[BlackElo "1704"]

1. d4 Nf6 2. Nc3 d5 3. Bf4 e6 4. Nb5 Na6 5. e3 c6 6. Nc3 Nc7 7. Nf3 Bd6 8. Bxd6
Qxd6 9. Be2 O-O 10. O-O b5 11. Ne5 Rb8 12. f4 b4 13. Na4 Ne4 14. Bf3 f6 15. Nd3
Ba6 16. Re1 Bb5 17. Bxe4 dxe4 18. Ndc5 f5 19. c3 Nd5 20. Rc1 bxc3 21. bxc3 Bc4
22. Qd2 Nb6 23. Nxb6 axb6 24. Nb3 Qa3 25. Rb1 Ra8 26. Rb2 Qd6 27. Qf2 b5 28. Ra1
Ra3 29. Rd1 Rfa8 30. h3 Qd5 31. Qc2 Kf7 32. Kh2 Rxa2 33. Nc5 R2a3 34. Rc1 Qd8
35. Qf2 Qe7 36. Qg3 h6 37. Rf2 R8a7 38. h4 Qf6 39. Qh3 Qg6 40. h5 Qf6 41. Rg1
Rxc3 42. g4 Ke8 43. g5 hxg5 44. fxg5 Qe7 45. Qg3 Ra8 46. g6 Rca3 47. h6 1/2-1/2

[Event "Druzynowe Mistrzostwa Polski Juniorow - I Liga Juniorow 2019"]
[Site "Ustron"]
[Date "1899-12-30"]
[Round "7.11"]
[White "Waligora, Julia"]
[Black "Pawlak, Emilia"]
[Result "0-1"]
[WhiteTitle "I"]
[BlackTitle "I"]
[WhiteElo "1558"]
[BlackElo "1636"]

1. e4 c5 2. Nf3 Nc6 3. d4 cxd4 4. Nxd4 Nf6 5. Nc3 e5 6. Ndb5 d6 7. Bg5 a6 8. Na3
b5 9. Nd5 Be7 10. Bxf6 Bxf6 11. c3 Bg5 12. Nc2 Rb8 13. Bd3 O-O 14. O-O a5 15.
Qe2 b4 16. cxb4 axb4 17. Bc4 Kh8 18. f4 exf4 19. Nxf4 Ne5 20. h3 Qb6+ 21. Kh1
Nxc4 22. Qxc4 Ba6 23. Qd5 Bxf1 24. Rxf1 Bf6 25. Nd3 b3 26. Ncb4 bxa2 27. Qxa2
Qd4 28. Re1 Bh4 29. Re2 Rxb4 30. Nxb4 Qd1+ 31. Kh2 Qxe2 32. Nd5 Qxe4 33. b4 Qe5+
34. Kh1 Qe1+ 35. Kh2 Bg3# 0-1

[Event "Druzynowe Mistrzostwa Polski Juniorow - I Liga Juniorow 2019"]
[Site "Ustron"]
[Date "1899-12-30"]
[Round "7.13"]
[White "Lis, Mateusz"]
[Black "Skurniak, Szymon"]
[Result "1-0"]
[WhiteTitle "k"]
[BlackTitle "I+"]
[WhiteElo "2032"]
[BlackElo "2066"]

1. e4 c5 2. Nf3 e6 3. d4 cxd4 4. Nxd4 a6 5. Bd3 Nc6 6. Nxc6 dxc6 7. O-O e5 8. Qe2
Nf6 9. Nd2 Bc5 10. Nc4 Qc7 11. a4 Be6 12. Bg5 Nd7 13. a5 O-O 14. c3 h6 15. Bh4
Rfe8 16. Rfd1 Nf8 17. b4 Ba7 18. Bg3 Ng6 19. Qh5 Bxc4 20. Bxc4 Nf4 21. Qg4 Rad8
22. Bh4 g5 23. Bg3 Qe7 24. Qf5 Kg7 25. Bxf4 gxf4 26. g3 Qf6 27. Qg4+ Kh7 28. Qf3
Rg8 29. Kg2 Qg6 30. Be2 Bb8 31. c4 Rge8 32. Rd3 f5 33. Rxd8 fxe4 34. Rd7+ Kh8
35. Qh5 f3+ 36. Bxf3 exf3+ 37. Qxf3 e4 38. Qf7 Qxf7 39. Rxf7 Be5 40. Rb1 Bd4 41.
Rd1 e3 42. fxe3 Bxe3 43. Rxb7 1-0

[Event "Druzynowe Mistrzostwa Polski Juniorow - I Liga Juniorow 2019"]
[Site "Ustron"]
[Date "1899-12-30"]
[Round "7.14"]
[White "Dixa, Oskar"]
[Black "Bachor, Tomasz"]
[Result "0-1"]
[WhiteTitle "k"]
[BlackTitle "I+"]
[WhiteElo "2019"]
[BlackElo "2038"]

1. e4 c6 2. d4 d5 3. exd5 cxd5 4. Bd3 Nc6 5. c3 Nf6 6. Nf3 Bg4 7. O-O e6 8. h3
Bh5 9. Bf4 Bd6 10. Bxd6 Qxd6 11. Nbd2 O-O 12. Re1 Rab8 13. Rc1 Rfc8 14. Qe2 a6
15. Qe3 Bg6 16. Ne5 Nd7 17. f4 Ncxe5 18. fxe5 Qe7 19. Rf1 b5 20. Rf2 Nb6 21. Bxg6
fxg6 22. b3 Rc7 23. Nf3 h6 24. Ne1 Rbc8 25. Rfc2 Nd7 26. Nd3 a5 27. Nb2 Nb6 28.
Qd3 Qe8 29. Qe2 g5 30. Nd3 Nd7 31. Kf1 Qg6 32. Nb2 Rb8 33. Qd3 Qh5 34. g4 Qh4
35. Kg2 Nf8 36. c4 bxc4 37. bxc4 h5 38. Qf3 Rf7 39. Qg3 dxc4 40. Qxh4 gxh4 41.
Nxc4 hxg4 42. Nxa5 g3 43. Nc6 Ra8 44. Nb4 Ra4 45. Nc6 Ng6 46. Nd8 Nf4+ 47. Kf3
Rf8 48. Ke4 g5 49. Nb7 Nxh3 50. Nc5 Rf4+ 51. Ke3 Ra3+ 52. Nb3 Nf2 53. Rc8+ Kg7
54. R1c7+ Kg6 55. Rh8 Nd1+ 56. Ke2 Rxa2+ 57. Ke1 g2 58. Rg8+ Kh5 59. Rh7+ Kg4
60. Rxg5+ Kxg5 0-1

[Event "Druzynowe Mistrzostwa Polski Juniorow - I Liga Juniorow 2019"]
[Site "Ustron"]
[Date "1899-12-30"]
[Round "7.15"]
[White "Karwacki, Piotr"]
[Black "Ochedzan, Tymon"]
[Result "0-1"]
[WhiteTitle "I"]
[BlackTitle "CM"]
[WhiteElo "1780"]
[BlackElo "2064"]

1. d4 Nf6 2. c4 g6 3. f3 Bg7 4. e4 d6 5. Nc3 O-O 6. Be3 c5 7. Nge2 Qa5 8. d5 Bd7
9. Qd2 a6 10. Nc1 b5 11. e5 Ne8 12. Nb3 Qb6 13. exd6 exd6 14. h4 Nf6 15. g4 Re8
16. Rg1 bxc4 17. Bxc4 Bb5 18. Bxb5 axb5 19. g5 b4 20. Nd1 Nh5 21. Kf1 Nd7 22.
f4 Qa6+ 23. Kf2 Nb6 24. f5 gxf5 25. Qc2 f4 26. Bc1 Nxd5 27. g6 hxg6 28. Rg5 Ng3
29. Rxg3 fxg3+ 30. Kxg3 Qf1 31. Nf2 Re2 0-1

[Event "Druzynowe Mistrzostwa Polski Juniorow - I Liga Juniorow 2019"]
[Site "Ustron"]
[Date "1899-12-30"]
[Round "7.16"]
[White "Jedraszek, Pawel"]
[Black "Furgal, Grzegorz"]
[Result "1/2-1/2"]
[WhiteTitle "I"]
[BlackTitle "II"]
[WhiteElo "1807"]
[BlackElo "1456"]

1. e4 e5 2. Nf3 Nf6 3. Nxe5 d6 4. Nf3 Nxe4 5. Nc3 Nxc3 6. dxc3 Be7 7. Bf4 Nc6 8.
Bd3 Be6 9. Qd2 Qd7 10. O-O-O O-O-O 11. Kb1 a6 12. h4 h6 13. h5 Bf5 14. Bc4 Bf6
15. Nh2 Be5 16. Nf1 Rhe8 17. f3 Bxc2+ 18. Qxc2 Bxf4 19. g3 Bg5 20. f4 Bf6 21.
Bd3 Kb8 22. Nd2 d5 23. Nb3 Re3 24. Bxa6 bxa6 25. Nc5 Qc8 26. Qa4 Na7 27. Nxa6+
Ka8 28. Qa5 Re7 29. Nb4 Qb7 30. Rh2 d4 31. Rhd2 Red7 32. c4 Qb6 33. Qa4 Qc5 34.
Rd3 Re7 35. Ra3 Re3 36. Nd3 Qb6 37. c5 Qb7 38. Qa5 Rde8 39. Ka1 R8e6 40. Rb3 Qc8
41. Ra3 Qb7 42. Rb3 Ra6 43. Rxb7 Rxa5 44. Rxc7 Re7 45. Rxe7 Bxe7 46. b4 Ra3 47.
Kb2 Nb5 48. g4 Rxa2+ 49. Kxa2 Nc3+ 50. Kb3 Nxd1 51. Ne5 Ne3 52. Nf3 d3 53. Kc3
Nd5+ 54. Kxd3 Nxb4+ 55. Kc4 Nc2 56. g5 Ne3+ 57. Kd4 Nf5+ 58. Kd5 Ng3 59. gxh6
gxh6 60. Ne5 f5 61. Ng6 Bf6 62. Ke6 Bd4 63. c6 Kb8 64. Kd6 Bb6 65. Nf8 Bc7+ 66.
Kd7 Nxh5 67. Ke6 Nxf4+ 68. Kxf5 1/2-1/2

[Event "Druzynowe Mistrzostwa Polski Juniorow - I Liga Juniorow 2019"]
[Site "Ustron"]
[Date "1899-12-30"]
[Round "7.17"]
[White "Furtak, Joanna"]
[Black "Wawrzyniak, Weronika"]
[Result "1-0"]
[WhiteTitle "k"]
[BlackTitle "I"]
[WhiteElo "1879"]
[BlackElo "1493"]

1. e4 c5 2. Nf3 d6 3. d4 cxd4 4. Nxd4 Nf6 5. Nc3 a6 6. h3 b5 7. g4 Bb7 8. Bg2 e6
9. g5 Nfd7 10. a3 Be7 11. h4 Qc7 12. Be3 Nc6 13. Nxc6 Bxc6 14. Qd4 Ne5 15. O-O
O-O 16. f4 Nc4 17. f5 exf5 18. exf5 Bxg2 19. Kxg2 Nxe3+ 20. Qxe3 Qb7+ 21. Qf3
Qxf3+ 22. Rxf3 Rac8 23. Re1 Rc7 24. Re2 Bd8 25. Rd3 Rc5 26. Rf2 Bc7 27. Ne4 Rc6
28. f6 Re8 29. Kf3 Re5 30. Rfd2 gxf6 31. Nxf6+ Kg7 32. Rd5 Re6 33. c3 Rc4 34.
R2d4 Rxd4 35. Rxd4 Kg6 36. Kg4 h6 37. Nd5 h5+ 38. Kf3 Re1 39. Nxc7 Rb1 40. Rxd6+
Kg7 41. Rd2 Rf1+ 42. Rf2 Rd1 43. Nxa6 Rd5 44. Nb4 Rf5+ 45. Ke3 Rc5 46. Nd3 Rc4
47. Rf4 Rc7 48. Rb4 Re7+ 49. Kf4 Rc7 50. Rxb5 Rc4+ 51. Kg3 Rg4+ 52. Kh3 Rg1 53.
a4 Rh1+ 54. Kg3 Rg1+ 55. Kh2 Rd1 56. Nf4 Rd2+ 57. Kg3 Rd1 58. Nxh5+ Kg6 59. Nf4+
1-0

[Event "Druzynowe Mistrzostwa Polski Juniorow - I Liga Juniorow 2019"]
[Site "Ustron"]
[Date "1899-12-30"]
[Round "7.18"]
[White "Barwinska, Ewa"]
[Black "Mroz, Lena"]
[Result "1-0"]
[WhiteTitle "I++"]
[BlackTitle "I++"]
[WhiteElo "1724"]
[BlackElo "1570"]

1. e4 c5 2. Nf3 Nc6 3. d4 cxd4 4. Nxd4 Nf6 5. Nc3 e5 6. Ndb5 d6 7. Bg5 a6 8. Na3
b5 9. Nd5 Be7 10. Bxf6 Bxf6 11. c3 Bg5 12. Nc2 Ne7 13. Nce3 Bxe3 14. Nxe3 Be6
15. a4 bxa4 16. Qxa4+ Bd7 17. Qb4 Be6 18. Rxa6 Rxa6 19. Bxa6 O-O 20. O-O Qc7 21.
Rd1 Rd8 22. Bc4 Qc6 23. Bxe6 fxe6 24. h3 h6 25. f3 Ng6 26. Kh1 Qc7 27. Qb3 Qf7
28. Qb6 Qe7 29. Nc4 Kh7 30. Rxd6 Re8 31. Rd1 Qg5 32. Qf2 Nf4 33. Ne3 Rf8 34. Ng4
h5 35. Ne3 h4 36. Ng4 Nh5 37. Qd2 Ng3+ 38. Kg1 Qe7 39. Qe3 Rb8 40. b4 Rb5 41.
Kh2 Nh5 42. Qd3 Qb7 43. Qd8 Qf7 44. Qxh4 Qf4+ 45. Kh1 Qf7 46. Nh2 Kg6 47. Qg4+
Kh6 48. Rd6 Nf4 49. Qh4+ Kg6 50. Rd8 Qa7 51. Ng4 Qa1+ 52. Kh2 Ne2 53. Qf2 Nxc3
54. Qg3 Kh7 55. Nxe5 Qg1+ 56. Kxg1 Ne2+ 57. Kf2 Nxg3 58. Kxg3 Rxe5 59. Rb8 Rg5+
60. Kf2 e5 61. Rb6 1-0